000 00533nam a2200193Ia 4500
001 10124
003 IN-NITTTR
005 20251114233054.0
008 251113s9999||||xx |||||||||||||| ||eng||
040 _beng
040 _cIN-NITTTR
041 _aeng
082 _a530 V59O
100 _aVermani, R. P.
245 0 _aObjective physics for pre-medical students of Punjab/ Panjabi and G.N.D University /
_cVermani, R. P., Sarin, D. S., Sharma, R. D.
700 _a Sarin, D. S.
700 _a Sharma, R. D.
942 _2ddc
_cBK
999 _c12761
_d12761